| 000 | 03066cam a22002054a 4500 | ||
|---|---|---|---|
| 005 | 20250605164125.0 | ||
| 008 | 250528s ||||||||||||||||||||||||d | ||
| 035 | _a18426 | ||
| 040 |
_aGR-AtMCL _bgre _dGR-AtMCL _eAACR2 |
||
| 245 | 1 | _aΕισαγωγή στη Χρηματοοικονομική Διοικητική | |
| 260 |
_bΠαπαζήση, _c1985 |
||
| 300 | _a480 | ||
| 505 | 0 | _aΒασικές Έννοιες της Χρηματοοικονομικής Διοικητικής και Πλαίσια Εξετάσεως, Εισαγωγή και Πλαίσια Εξετάσεως, Το Περιβάλλον της Επιχειρήσεως, Συγκριτική Ανάλυση των Λογιστικών Καταστάσεων της Επιχειρηματικής Μονάδας και της Ροής Κεφαλαίων Εντός Αυτής, Προγραμματισμός και Έλεγχος των Κερδών της Επιχειρήσεως, Χρηματοοικονομική Στρατηγική και Προγραμματισμός, Το Πρόγραμμα της Χρηματοοικονομικής Διαχειρίσεως της Επιχειρήσεως, Η Διαχρονικη Αξία του Χρήματος, Προεξόφληση και Ανατοκισμός, Προγραμματισμός Επενδύσεων με Συνθήκες Βεβαιότητας: Μέθοδοι Προεξοφλήσεως Ταμειακών Ροών, Προγραμματισμός Επενδύσεων με Συνθήκες Αβεβαιότητας, Πίνακες Συντελεστών Ανατοκισμού, Ευρετήριο. | |
| 520 | _aΒασικές Έννοιες της Χρηματοοικονομικής Διοικητικής και Πλαίσια Εξετάσεως, Εισαγωγή και Πλαίσια Εξετάσεως, Το Περιβάλλον της Επιχειρήσεως, Συγκριτική Ανάλυση των Λογιστικών Καταστάσεων της Επιχειρηματικής Μονάδας και της Ροής Κεφαλαίων Εντός Αυτής, Προγραμματισμός και Έλεγχος των Κερδών της Επιχειρήσεως, Χρηματοοικονομική Στρατηγική και Προγραμματισμός, Το Πρόγραμμα της Χρηματοοικονομικής Διαχειρίσεως της Επιχειρήσεως, Η Διαχρονικη Αξία του Χρήματος, Προεξόφληση και Ανατοκισμός, Προγραμματισμός Επενδύσεων με Συνθήκες Βεβαιότητας: Μέθοδοι Προεξοφλήσεως Ταμειακών Ροών, Προγραμματισμός Επενδύσεων με Συνθήκες Αβεβαιότητας, Πίνακες Συντελεστών Ανατοκισμού, Ευρετήριο. | ||
| 700 | 1 |
_aΑθανασοπουλος Π.Ι _94698 |
|
| 700 | 1 |
_aΦιλιππατος Γ.Κ _94699 |
|
| 942 | _cBK | ||
| 999 |
_c3787 _d3787 |
||